000 00328 a2200157 4500
001 62915
020 _a9788546900886
040 _cAnchieta - Pituba
100 _aSapkowski, Andrzej
240 1 0 _aThe Witcher
_lpor
245 1 0 _aThe Witcher
300 _a450
362 0 _a2016
650 4 _aLiteratura juvenil
942 _cBK
999 _c62915
_d62915